Demandas académicas y argumento razonado: (proyecto de investigación Nº 723-86-046) /
Đã lưu trong:
| Tác giả chính: | |
|---|---|
| Định dạng: | Sách |
| Ngôn ngữ: | Spanish |
| Những chủ đề: | |
| Các nhãn: |
Thêm thẻ
Không có thẻ, Là người đầu tiên thẻ bản ghi này!
|
MARC
| LEADER | 00000nam a22000007a 4500 | ||
|---|---|---|---|
| 003 | cru IIS | ||
| 005 | 20231020062558.0 | ||
| 007 | ta | ||
| 008 | 220718b |||||||| |||| 00| 0 spa d | ||
| 040 | |c cru IIS | ||
| 100 | 1 | |9 9427 |a González Ortega, Alfonso |e Autor | |
| 245 | 1 | |a Demandas académicas y argumento razonado: |b (proyecto de investigación Nº 723-86-046) / |c Alfonso González Ortega | |
| 300 | |a 79 páginas: |b tablas | ||
| 500 | |a Colección Centroamérica | ||
| 650 | 0 | |a PSICOLOGIA |9 3105 | |
| 650 | 0 | |9 944 |a EDUCACION | |
| 650 | 0 | |9 10573 |a DESARROLLO DE HABILIDADES | |
| 651 | 0 | |9 32 |a COSTA RICA | |
| 773 | 0 | |0 18811 |9 3282 |a Universidad de Costa Rica. Instituto de Investigaciones en Psicología |d San José, C.R.: Editorial de la UCR |o 03650 |t Actualidades en Psicología / | |
| 942 | |2 ddc |c PP | ||
| 999 | |c 44393 |d 44393 | ||
